| 000 | 00640nam a2200217 a 4500 | ||
|---|---|---|---|
| 001 | 69765 | ||
| 003 | BD-RjUL | ||
| 005 | 20211209081925.0 | ||
| 008 | 170413s1927 gw a 001 0 ger d | ||
| 035 | _a(BD-RjUL)69977 | ||
| 040 |
_aDLC _cGAT _dm.c/SER/EUX _dBD-RjUL _beng |
||
| 041 | _aeng | ||
| 082 |
_223 _a516.9 _bKLV 1927 |
||
| 100 | 1 |
_aKlein, Felix, _d1849-1925. _9151600 |
|
| 245 | 0 | 0 |
_aVorlesungen uber nicht-euklidische geometrie / _cFelix Klein |
| 260 |
_aBerlin : _bJulius Springer, _c1927. |
||
| 300 |
_axii, 326 p. : _bill. ; _c24 cm |
||
| 500 | _aIncludes Indexes | ||
| 650 | 0 |
_aGeometry, Non-Euclidean _9151735 |
|
| 942 |
_2ddc _cBK |
||
| 999 |
_c69765 _d69765 |
||